| 000 | 00630nam a2200241 a 4500 | ||
|---|---|---|---|
| 001 | nice12345678 | ||
| 003 | IN_TiNIC | ||
| 005 | 20260116011553.0 | ||
| 008 | 050524s1925 woka grp 000 0 eng | ||
| 020 |
_a _c100 |
||
| 082 | 0 | 0 |
_a297.63 _bKAM1 |
| 100 | _aKamaluddin, Khwaja | ||
| 245 |
_aIdeal Prophet _b Icorporating a of Glimpses from the Life of the Prophet |
||
| 260 |
_aWoking _bIslamic Review Office _c1925 |
||
| 300 | _a274p | ||
| 500 | _aincludes index and biblioraphy | ||
| 505 | 2 | _aIndex | |
| 650 | _aMuhammad, Prophet | ||
| 700 | 1 | _aKamaluddin, Khwaja | |
| 902 | _bSRS | ||
| 942 | _cBK | ||
| 999 |
_c2675 _d2675 |
||